000 00304nam a2200097Ia 4500
008 220204s9999 xx 000 0 und d
082 _a312(540)
_bCEN.1
245 0 _aCensus of India 1991. Series 1. Paper 1 of 1992. V 1 .Final population totals..
260 _aDelhi
_bMin of Home Affairs
_c1992
942 _cBK
999 _c40637
_d40637